Alas de un solo vuelo /
Guardado en:
| Autor Principal: | |
|---|---|
| Formato: | Libro |
| Publicado: |
Bahía Blanca :
Libros en colectivo,
2012
|
| Materias: | |
| Etiquetas: |
Agregar Etiqueta
Sin Etiquetas, Sea el primero en etiquetar este registro!
|
| LEADER | 00531nam a22001815a 4500 | ||
|---|---|---|---|
| 001 | CEM.cems013907 | ||
| 005 | 20130513154153.0 | ||
| 008 | 130507s2012##################000#0#####d | ||
| 003 | CEMS | ||
| 020 | |a 9789871592111 | ||
| 082 | 0 | 4 | |a A868.4 |
| 100 | 1 | |a González Baleani, Ricardo | |
| 245 | 1 | 0 | |a Alas de un solo vuelo / |c Ricardo González Baleani |
| 260 | |a Bahía Blanca : |b Libros en colectivo, |c 2012 | ||
| 300 | |a 235 p. | ||
| 653 | |a Poesía | ||
| 653 | |a Poesía bahiense | ||
| 859 | |a CEMS |b BIB. CEMS - 11 de abril |h A868.4 |i G589 |p 26582.13 |t Ej.1 | ||
